000 00621cam a2200169 4500
001 D10630
008 090401t1983 xxu||||| |||| 00| 0 eng d
035 _a(Sirsi) u95571
041 _aeng
100 _aFitzmaurice-Mills, J.
245 _aAntiques and the fine arts: fakes and fraudulent reproduction. [Synopses only]
260 _c1983
350 _a0
520 _aIn RICS General Practice Division. Furniture and Works of Art Committee. Fakes and forgeries in paintings, furniture and the decorative arts. One-day conference (held at RICS) 16 February 1983. RICS 1983/3 ABC
942 _n0
948 _c04/03/1997
999 _c98527
_d98527